000 01576nam a22002657a 4500
005 20080708144749.0
008 080708t xxu||||| |||| 00| 0bhin d
010 _aHIN-83794
020 _c400.00
_a9788189859787
035 _aHN-56140
037 _bDBAD / PUB
040 _aDPL
_bHN
082 _a921
245 _aमोहिं कहां विश्रामः
_cकन्हैयालाल नन्दन द्वारा संपादित
_b( अर्जुन सिंहःआधुनिक प्रजातंत्र के भारतीय शिल्पकार) /
246 _aMohin Kahaan Vishram
_bby Arjun Singh
260 _aनई दिल्ली
_bकिताबघर प्रकाशन
_c2008
270 _a4855-56/24, अंसारी रोड़, दरियागंज
_bनई दिल्ली
_e110002
300 _axxv,294पृ
_c24सेमी(सजिल्द)
_bसचित्र
650 _aहिन्दी जीवन-वृत
650 _aHindi Biographies
700 _aकन्हैयालाल नन्दन
942 _2ddc
_cHN
_h921
_mअर्जुन
999 _c14329
_d14329